| 000 | 00592nam a2200217Ia 4500 | ||
|---|---|---|---|
| 008 | 131103s9999 xx 000 0 und d | ||
| 020 | _a0 15 615380 7 | ||
| 040 | _aLoreto College | ||
| 041 | _aEnglish | ||
| 082 |
_a842/CAM _bLCLIB/20494 |
||
| 100 | _aBree, Germaine | ||
| 245 |
_aCampus _cGermaine Bree |
||
| 260 |
_aNew York _bHarcourt _c1964 |
||
| 300 |
_aviii,280p. _c 21cm. |
||
| 440 | _aA harbinger book | ||
| 504 | _aIncludes bibliographical references & index | ||
| 650 | _aCamu - criticism | ||
| 651 | _aFrench drama - criticism | ||
| 850 | _aLCLIB/842/CAM | ||
| 942 | _cBK | ||
| 999 |
_c23930 _d74409 |
||